Statistics for Smallest countries (1000 km2) - Sort them!

Click here to take the quiz!

General Stats

  • This quiz has been taken 146 times
  • The average score is 10 of 25

Answer Stats

LIST AREA COUNTRY % Correct
Liechtenstein1. 0.44 km2Vatican City
100%
Marshall Islands2. 2.02 km2Monaco
97%
Monaco3. 21 km2Nauru
96%
Nauru4. 26 km2Tuvalu
93%
San Marino5. 61 km2San Marino
89%
Vatican City7. 181 km2Marshall Islands
88%
Tuvalu6. 160 km2Liechtenstein
88%
Andorra8. 261 km2Saint Kitts and Nevis
50%
Antigua and Barbuda9. 300 km2Maldives
42%
Seychelles17. 468 km2Andorra
36%
Barbados10. 316 km2Malta
34%
Palau14. 442 km2Antigua and Barbuda
30%
Malta13. 430 km2Barbados
30%
Grenada11. 344 km2Grenada
30%
Maldives12. 389 km2Saint Vincent and the Grenadines
29%
Saint Kitts and Nevis15. 452 km2Seychelles
22%
Saint Vincent and the Grenadines16. 459 km2Palau
22%
São Tomé and Príncipe23. 765 km2Bahrain
14%
Saint Lucia22. 751 km2Dominica
10%
Kiribati21. 747 km2Tonga
10%
Tonga25. 964 km2São Tomé and Príncipe
8%
Dominica19. 702 km2Federated States of Micronesia
7%
Bahrain18. 616 km2Saint Lucia
6%
Singapore24. 811 km2Kiribati
6%
Federated States of Micronesia20. 710 km2Singapore
6%

Score Distribution

Percentile by Number Answered

Percent of People with Each Score

Your Score History

You have not taken this quiz